Patch / (Record no. 9534)

MARC details
000 -LEADER
fixed length control field 01086nam a22002897a 4500
001 - CONTROL NUMBER
control field 9534
003 - CONTROL NUMBER IDENTIFIER
control field FISKH
005 - DATE AND TIME OF LATEST TRANSACTION
control field 20260120103214.0
008 - FIXED-LENGTH DATA ELEMENTS--GENERAL INFORMATION
fixed length control field 260120b cb ||||| |||| 00| 0 eng d
020 ## - INTERNATIONAL STANDARD BOOK NUMBER
International Standard Book Number 9781929945559
040 ## - CATALOGING SOURCE
Original cataloging agency FISKH
Language of cataloging eng
Transcribing agency FISKH
Modifying agency FISKH
050 ## - LIBRARY OF CONGRESS CALL NUMBER
Classification number PZ7.D8694 P
082 ## - DEWEY DECIMAL CLASSIFICATION NUMBER
Classification number 741.5
100 ## - MAIN ENTRY--PERSONAL NAME
Personal name Duey , Kathleen
245 ## - TITLE STATEMENT
Title Patch /
Statement of responsibility, etc. By Kathleen Duey : Created & Photographed by Robert Gould : 3D Special Effects & Digital Illustration by Eugene Epstein
260 ## - PUBLICATION, DISTRIBUTION, ETC.
Place of publication, distribution, etc. California :
Name of publisher, distributor, etc. Big Guy Books , Inc ,
Date of publication, distribution, etc. 2005 .
300 ## - PHYSICAL DESCRIPTION
Extent 95 pages :
Other physical details color illustrations ;
Dimensions 21 cm .
490 ## - SERIES STATEMENT
Series statement Time Soldiers
Volume/sequential designation Book 3
505 ## - FORMATTED CONTENTS NOTE
Formatted contents note R <br/>
520 ## - SUMMARY, ETC.
Summary, etc. A year after their previous trip, the Time Soldiers enter the portal again and are transported to a treasure-filled cave, where their attempt to rescue a girl from pirates gets them in big trouble.<br/>
521 8# - TARGET AUDIENCE NOTE
Target audience note 700 <br/>
Source Lexile estimate <br/>
521 8# - TARGET AUDIENCE NOTE
Target audience note R <br/>
Source Raz-Plus <br/>
650 ## - SUBJECT ADDED ENTRY--TOPICAL TERM
Topical term or geographic name entry element Action & Adventure
Form subdivision Fiction
700 ## - ADDED ENTRY--PERSONAL NAME
Personal name Epstein , Eugene
Relator term Illustrator
942 ## - ADDED ENTRY ELEMENTS (KOHA)
Source of classification or shelving scheme Dewey Decimal Classification
Koha item type Books
Suppress in OPAC No
Holdings
Withdrawn status Lost status Source of classification or shelving scheme Damaged status Not for loan Collection Home library Current library Shelving location Date acquired Total Checkouts Full call number Barcode Date last seen Price effective from Koha item type
    Dewey Decimal Classification     Juvenile Fiction Footprints International School Library Network Toul Tom Poung Campus Footprints International School Library Network Toul Tom Poung Campus TTP Primary Orange Bookshelves 01/20/2026   DUE 741.5 PZ7.D8694 P FISBK04247 01/20/2026 01/20/2026 Books